zpět

Detail výsledku týmu

Stavba, Brno

Datum a čas kvízu

36.5 Celkem bodů Celkový počet nahraných bodů na tomto kvízu bez doplňovacích otázek.
1. Pořadí na kvízu Konečné umístění týmu na tomto kvízu.

Zaznamenané odpovědi

# Otázka Odpověď Body Výsledky
1. Jaká je výše nepodmíněného tre... 7 let 1
2. Okurková sezóna právě začala,... Puma nejezdí lidi. 0
3. V úterý vystoupil v pražské O2... Phil Collins 1
4. Investiční skupina EP Global C... Daniel Křetínský, Patrik Tkáč 1
5. Česká tenisová jednička Karolí... Eastbourne 1
-14. Začneme moderními polskými děj... v roce 2010 0.5
-13. Ze kterého šlechtického rodu p... z rodu Piastovců 1
-12. Jak se jmenoval muž, který v r... Józef Piłsudski 0
-11. V roce 1940 bylo povražděno př... Katyň 1
-10. Ve kterém polském městě vznikl... v Gdaňsku 1